Normal view
MARC view
- Massey Akansha
Entry Corporate Name
001 - CONTROL NUMBER
- control field: 212438
003 - CONTROL NUMBER IDENTIFIER
- control field: OSt
005 - DATE AND TIME OF LATEST TRANSACTION
- control field: 20250624120848.0
008 - FIXED-LENGTH DATA ELEMENTS
- fixed length control field: 250624|| aca||aabn | a|a d
040 ## - CATALOGING SOURCE
- Original cataloging agency: OSt
- Transcribing agency: OSt
110 ## - HEADING--CORPORATE NAME
- Corporate name or jurisdiction name as entry element: Massey Akansha
670 ## - SOURCE DATA FOUND
- Source citation: Work cat.: (OSt)366707: Lodha C. P. 211998, Comprehensive Nursing Research & Statistics , 2025